| Tag |
First Indicator |
Second Indicator |
Subfields |
| LEADER |
00000pam a2200000 a 4500 |
| 001 |
in00000077842 |
| 005 |
20151008055034.0 |
| 008 |
800314s1981 cau b 00110 engm |
| 010 |
|
|
|a 80012991
|
| 020 |
|
|
|a 0520041151
|
| 035 |
|
|
|a (OCoLC)06194324
|
| 035 |
|
|
|9 AAJ2392AM
|
| 040 |
|
|
|a DLC
|c DLC
|d m.c.
|d TXA
|d UtOrBLW
|
| 043 |
|
|
|a a-ja---
|
| 049 |
|
|
|a TXAM
|c [1361605]
|
| 050 |
0 |
0 |
|a HC465.E5
|b M3
|
| 082 |
0 |
|
|a 363.7/0523/0951
|
| 100 |
1 |
|
|a McKean, Margaret A.
|
| 245 |
1 |
0 |
|a Environmental protest and citizen politics in Japan /
|c Margaret A. McKean.
|
| 264 |
|
1 |
|a Berkeley :
|b University of California Press,
|c [1981]
|
| 264 |
|
4 |
|c ©1981
|
| 300 |
|
|
|a xv, 291 pages ;
|c 25 cm.
|
| 336 |
|
|
|a text
|b txt
|2 rdacontent
|
| 337 |
|
|
|a unmediated
|b n
|2 rdamedia
|
| 338 |
|
|
|a volume
|b nc
|2 rdacarrier
|
| 504 |
|
|
|a Includes bibliographical references and index.
|
| 650 |
|
0 |
|a Environmental policy
|z Japan
|x Citizen participation.
|
| 999 |
|
|
|a MARS
|
| 999 |
f |
f |
|s 84fe8ae8-110c-362e-a432-761e677f706e
|i 5866679a-0c1d-3ecb-858c-0b8c0344c69e
|t 0
|
| 952 |
f |
f |
|p ric
|a Texas A&M University
|b Rellis Campus
|c Joint Library Facility
|d Remote Storage
|t 0
|e HC465.E5 M3
|h Library of Congress classification
|i unmediated -- volume
|m A14806123023
|
| 998 |
f |
f |
|a HC465.E5 M3
|t 0
|l Remote Storage
|